The Simpsons Characters - Sudden Death - Statistics

General Stats
  • This quiz has been taken 959 times
  • The average score is 12 of 15
Answers on the Grid
Answers color-coded by a green-red scale on the quiz's grid according to % correct below.
Ned Flanders
Seymour Skinner
Edna Krabappel
Selma Bouvier
Barney Gumble
Moe Szylack
Nelson Muntz
Ralph Wiggum
Helen Lovejoy
Waylon Smithers
Troy McClure
Carl Carlson
Jimbo Jones
Julius Hibbert
Luann Van Houten
Phillip Fry
Amy Wong
Stan Smith
Avery Bullock
Lois Griffin
Joe Swanson
Cheryl Tunt
Sterling Archer
Dale Gribble
Peggy Hill
Rick Sanchez
Daria Morgendorffer
Linda Belcher
Phillip Frond
Judy Tobin
 
Answer Stats
Answer % Correct
Ned Flanders
89%
Seymour Skinner
87%
Nelson Muntz
85%
Moe Szylack
84%
Ralph Wiggum
84%
Edna Krabappel
83%
Selma Bouvier
80%
Waylon Smithers
80%
Barney Gumble
79%
Helen Lovejoy
70%
Jimbo Jones
70%
Carl Carlson
68%
Luann Van Houten
68%
Julius Hibbert
65%
Troy McClure
64%
No matching quizzes found
Score Distribution
Percent of People with Each Score
Percentile by Number Answered
Your Score History
You have not taken this quiz